Falurossza

Bibliographic Details
Main Author: Mécs, László, 1895-1978 (Author)
Format: Article
Language:Hungarian
Slovak
ISSN:1335-6534
Subjects:

MARC

LEADER 00000nab a2200000 a 4500
001 vtls000830379
003 SK-MaSNL
005 20260305005311.0
008 160314c2003 xo 0 hun
015 |a SNBRB2003/03-09960 
035 |a CLN000182034 
040 |a SNKBUCL  |b slo  |c SNKBUCL  |e AACR2 
041 0 |a slo 
044 |a xo  |c SK 
080 |a 894.511 (437.6)-1=945.11  |2 UDC-MRF-SK2 
100 1 |a Mécs, László,  |d 1895-1978  |4 aut  |9 103321 
245 1 0 |a Falurossza  |c Mécs László 
650 0 7 |a satirické básne, maďarské  |2 snkbucl  |9 19322 
773 0 |x 1335-6534  |t Remény  |g Roč. 14, č. 7 (2003), s. 12 
850 |a Slovenská národná knižnica v Martine 
852 |a SNK  |b KIS3GCP 
958 |a HU 
958 |a SK 
958 |a LX 
958 |a RBX 
999 |c 3239643  |d 3241573